Manual práctico de terapia dialéctico conductual. ejercicios prácticos de TDC para aprendizaje de Mindfulness, Eficacia Interpersonal, Regulación Emocional y Tolerancia a la Angustia.
Enregistré dans:
| Auteur principal: | |
|---|---|
| Format: | Livre |
| Langue: | anglais |
| Publié: |
Bilbao, España:
Desclée De Brouwer, S.A.,
2020.
|
| Édition: | 3ª edición. |
| Collection: | Biblioteca de Psicología,
217 |
| Sujets: | |
| Tags: |
Ajouter un tag
Pas de tags, Soyez le premier à ajouter un tag!
|
MARC
| LEADER | 00000nam a22000007a 4500 | ||
|---|---|---|---|
| 003 | CL-VaPUC | ||
| 005 | 20220607112339.0 | ||
| 008 | 220523b2020 ||||| |||| 00| 0 eng d | ||
| 999 | |c 435680 |d 435678 | ||
| 020 | |a 978-84-330-2910-2 | ||
| 040 | |c Pontificia Universidad Católica de Valparaíso | ||
| 082 | 7 | |a 616.89142 MCK 2020 |2 22 | |
| 100 | |a McKay, Matthew |9 414495 |e autor | ||
| 245 | |a Manual práctico de terapia dialéctico conductual. |b ejercicios prácticos de TDC para aprendizaje de Mindfulness, Eficacia Interpersonal, Regulación Emocional y Tolerancia a la Angustia. | ||
| 250 | |a 3ª edición. | ||
| 260 | |a Bilbao, España: |b Desclée De Brouwer, S.A., |c 2020. | ||
| 300 | |a 334 páginas | ||
| 490 | |a Biblioteca de Psicología, |v 217 | ||
| 500 | |a c.1 Comodato-SENDA | ||
| 583 | |c 20220523 |k Cristina María Rojas Aguilar | ||
| 650 | |a Terapia cognitiva |x Manuales |9 869598 | ||
| 650 | |a Psicología clínica |x Manuales |9 869599 | ||
| 650 | |a Terapias psicológicas |9 869600 | ||
| 942 | |2 ddc |c BK | ||
| 952 | |0 0 |1 0 |2 ddc |4 0 |6 616_891420000000000_MCK_2020 |7 0 |8 C_SENDA |9 583204 |a BIBEDU |b BIBEDU |c ES_NOD |d 2022-05-23 |i 5651341 |l 3 |m 1 |o 616.89142 MCK 2020 |p 5651341 |r 2024-08-05 |s 2024-06-06 |t 1 |w 2022-05-23 |x 07512005101 |y BK |k BME | ||